Responses for Show #2219 - Thursday, April 7, 1994

Contestants

[<< previous game]

Anne Fescharek, a housewife from Brielle, New Jersey

Dean Cohan, a software trainer from Madison, Wisconsin

Sandy Zusmann, a marketing manager from Atlanta, Georgia (whose 1-day cash winnings total $8,801)

[next game >>]

Jeopardy! Round responses

U.S. GEOGRAPHY
THE PARTRIDGE FAMILY
FAMOUS FIRSTS
METALS
FRUIT
CLICHES
    $100 6
the Okefenokee

Dean
    $100 26
David Cassidy

Sandy
    $100 11
a telegram

Dean
    $100 18
steel

Sandy
    $100 16
a tangerine & an orange

Sandy
    $100 1
lick them

Dean
    $200 7
Cook County

Dean
    $200 21
a bus

Dean
    $200 12
a bikini

Dean
    $200 19
lead

Sandy
    $200 17
pineapple

Dean
    $200 2
hairs

Dean
    $300 8
Mississippi

Anne
    $300 29
Susan Dey

Anne
    $300 13
the Continental Congress

Anne
    $300 22
(Anne: What is gold?)
(Dean: What is platinum?)

silver

DeanAnne
Triple Stumper
    $300 27
the pomegranate

Triple Stumper
    $300 3
swim

Sandy
    $400 9
Narragansett

Anne
    $600 20
[The song was reprised going into the break.]

"I Think I Love You"

Sandy
    $400 14
Lake Placid

Dean
    $400 23
(Anne: What is copper?)

tin

SandyAnne
    $400 28
a date

Sandy
    $400 4
half-baked

Sandy
    $500 10
the White Mountains

Dean
    $500 25
Reuben Kincaid

Sandy
    $500 15
Hansel and Gretel

Anne
    $500 24
tungsten

Triple Stumper
    $500 30
(Anne: What is a pear?)

a grape

DeanAnne
    $500 5
a shaver

Dean

Scores at the first commercial break (after clue 15):

Sandy Dean Anne
$700 $2,300 $1,500

Scores at the end of the Jeopardy! Round:

Sandy Dean Anne
$3,100 $2,900 $600

Double Jeopardy! Round responses

THE 1920s
LANGUAGES
THEATRE
AMERICAN HISTORY
DINOSAURS
WORLD LITERATURE
    $200 28
Little Orphan Annie

Sandy
    $200 16
Chinese

Dean
    $200 11
Agatha Christie

Sandy
    $200 6
the Emancipation Proclamation

Dean
    $200 22
Tyrannosaurus rex

Dean
    $200 1
Don Quixote

Sandy
    $400 30
Charles Atlas

Anne
    $400 17
Finnish

Dean
    $400 12
Cabaret

Anne
    $400 7
(Anne: Who was Gerald Ford?)

Nelson Rockefeller

SandyAnne
    $400 23
comet theory (meteor theory)

Anne
    $400 2
Les Miserables

Anne
    $600 21
Sacco & Vanzetti

Dean
    $600 18
the Cyrillic alphabet

Sandy
    $600 13
The Caine Mutiny Court-Martial

Dean
    $600 8
P.T. Barnum

Anne
    $600 25
a Triceratops

Sandy
    $600 3
the Divine Comedy

Anne
    $800 24
Greece

Dean
    $800 19
Esperanto

Anne
    $800 14
Venice

Dean
    $800 9
(Anne: What is New York?)

Virginia

Anne
Triple Stumper
    $800 26
feathers

Triple Stumper
    $800 4
Dubliners

Anne
    $1,000 29
(Sandy: Who is John Lewis?)

Samuel Gompers

Sandy
    $1000 20
French & English

Anne
    $1000 15
Lillian Hellman

Anne
    $1000 10
Roger Williams

Anne
    $1000 27
their hips

Dean
    $1000 5
Remembrance of Things Past

Dean

Scores at the end of the Double Jeopardy! Round:

Sandy Dean Anne
$4,300 $8,700 $6,800

[wagering suggestions for these scores]

Final Jeopardy! Round responses

THE OLD TESTAMENT
(Alex: God is stomping around, and he's got [*] puffing up.)
SandyWhat are sandstorms
$499
AnneWhat are winds
$5,200
DeanWhat are the nations of
$5,000
clouds

Final scores:

Sandy Dean Anne
$3,801 $3,700 $1,600
2-day champion: $12,602 2nd place: trip to Scottsdale, Arizona 3rd place: RCA VCR

Game dynamics:

Coryat scores:

Sandy Dean Anne
$5,100 $8,700 $6,800
16 R
(including 1 DD),
1 W
(including 1 DD)
22 R,
1 W
16 R
(including 1 DD),
5 W

Combined Coryat: $20,600

[game clues] [game scores] [suggest correction]

Game tape date: 1994-01-10
The J! Archive is created by fans, for fans. Scraping, republication, monetization, and malicious use prohibited; this site may use cookies and collect identifying information. See terms. The Jeopardy! game show and all elements thereof, including but not limited to copyright and trademark thereto, are the property of Jeopardy Productions, Inc. and are protected under law. This website is not affiliated with, sponsored by, or operated by Jeopardy Productions, Inc. Join the discussion at JBoard.tv.